الببليوجرافيا الموضوعية العربية

محفوظ في:

مؤلف مشترك: المنظمة العربية للتربية والثقافة والعلوم - إدارة التوثيق والإعلام.

التنسيق: كتاب

اللغة: Undetermined

منشور في: Al-Qāhirah adarat altawthiq wal'aelam bialmunazamat alearabiat liltarbiat walthaqafat waleulum 1976

سلاسل: علوم الدين الاسلامى - علوم القران المجلد الأول

الوسوم: إضافة وسم

لا توجد وسوم, كن أول من يضع وسما على هذه التسجيلة!

رقم الطلب: B30 ISLA NUR

LEADER 00621nam a2200133Ia 4500
008 240404s9999||||xx |||||||||||||| ||und||
050 4 |a B30 ISLA NUR 
110 0 |a المنظمة العربية للتربية والثقافة والعلوم - إدارة التوثيق والإعلام. 
245 1 0 |a الببليوجرافيا الموضوعية العربية 
264 1 |a Al-Qāhirah  |b adarat altawthiq wal'aelam bialmunazamat alearabiat liltarbiat walthaqafat waleulum  |c 1976 
300 |a 474  |c 30 
490 0 |a علوم الدين الاسلامى - علوم القران المجلد الأول 
942 |2 lcc  |c BK 
999 |c 58152  |d 58152